Italie Centrale : (Record no. 157186)

MARC details
000 -LEADER
campo de control de longitud fija 00773nam a22001935i 4500
001 - NÚMERO DE CONTROL
campo de control 157186
003 - IDENTIFICADOR DE NÚMERO DE CONTROL
campo de control ES-MaACL
005 - FECHA Y HORA DE LA ÚLTIMA TRANSACCIÓN
campo de control 20230906210619.0
008 - DATOS DE LONGITUD FIJA--INFORMACIÓN GENERAL
campo de control de longitud fija 040810s1860 fr |||| | fre d
080 ## - NÚMERO DE LA CLASIFICACIÓN DECIMAL UNIVERSAL
Número de la Clasificación Decimal Universal 94(450)"1849/1870"
100 1# - ENTRADA PRINCIPAL--NOMBRE DE PERSONA
Nombre de persona Lasteyrie, Ferdinand de.
9 (RLIN) 128728
245 10 - MENCIÓN DEL TÍTULO
Título Italie Centrale :
Resto del título l'annexion considerée aux points de vue italien et français /
Mención de responsabilidad, etc. par Ferdinand de Lasteyrie.
260 ## - PUBLICACIÓN, DISTRIBUCIÓN, ETC.
Lugar de publicación, distribución, etc. Paris :
Nombre del editor, distribuidor, etc. E. Dentú,
Fecha de publicación, distribución, etc. 1860 (
Fabricante Imp. L. Tinterlin et Cie.)
300 ## - DESCRIPCIÓN FÍSICA
Extensión 31 p. ;
Dimensiones 22 cm.
651 #4 - PUNTO DE ACCESO ADICIONAL DE MATERIA--NOMBRE GEOGRÁFICO
Nombre geográfico Italia-
Subdivisión general Historia-
Subdivisión cronológica 1849-1870.
9 (RLIN) 8869
651 #4 - PUNTO DE ACCESO ADICIONAL DE MATERIA--NOMBRE GEOGRÁFICO
Nombre geográfico Italia-
Subdivisión general Política y gobierno-
Subdivisión cronológica 1849-1870.
9 (RLIN) 171686
651 #4 - PUNTO DE ACCESO ADICIONAL DE MATERIA--NOMBRE GEOGRÁFICO
Nombre geográfico Francia-
Subdivisión general Política y gobierno-
Subdivisión cronológica 1789-1900.
9 (RLIN) 168377
852 4# - LOCALIZACIÓN
Ubicación ES-MaACL
Número de control de estantería T-55-F-11
Nota libre - Enc. hol.
-- - Enc. en un vol. facticio
Holdings
Estatus retirado Estado de pérdida Estado de daño No para préstamo Colección Biblioteca de origen Biblioteca actual Ubicación en estantería Fecha de adquisición Total de préstamos Signatura topográfica completa Código de barras Visto por última vez Precio de reemplazo Tipo de ítem Koha
        Colección de folletos Biblioteca del Ateneo de Madrid Biblioteca del Ateneo de Madrid Depósito folletos 17/01/2008   T-55-F-11 1164463 23/02/2023 23/02/2023 Folleto